Central Library OPAC University of Rajshahi

উনিশ শতকের বাংলা সাহিত্যে দার্শনিক চেতনা / (Record no. 44615)

MARC details
000 -LEADER
fixed length control field 00890nam a2200229 4500
001 - CONTROL NUMBER
control field 44615
003 - CONTROL NUMBER IDENTIFIER
rucl marc code BD-RjUL
005 - DATE AND TIME OF LATEST TRANSACTION
control field 20211209053906.0
008 - FIXED-LENGTH DATA ELEMENTS--GENERAL INFORMATION
fixed length control field 160718s1998 b ||||| |||| 00| 0 b d
020 ## - INTERNATIONAL STANDARD BOOK NUMBER
Terms of availability 10.00
035 ## - SYSTEM CONTROL NUMBER
System control number (BD-RjUL)44733
040 ## - CATALOGING SOURCE
Original cataloging agency BD-RjUL
Language of cataloging ben
Transcribing agency BD-RjUL
041 ## - LANGUAGE CODE
Language code of text/sound track or separate title ben
082 ## - DEWEY DECIMAL CLASSIFICATION NUMBER
Edition number 23
Classification number 891.4434
Author mark and year MOA 1998
100 ## - MAIN ENTRY--PERSONAL NAME
Personal name মুখোপাধ্যায়, মনো
9 (RLIN) 136859
245 ## - TITLE STATEMENT
Title উনিশ শতকের বাংলা সাহিত্যে দার্শনিক চেতনা /
Statement of responsibility, etc. মনো মুখোপাধ্যায়
260 ## - PUBLICATION, DISTRIBUTION, ETC. (IMPRINT)
Place of publication, distribution, etc. কলিকাতা :
Name of publisher, distributor, etc. পুস্তক বিপনী,
Date of publication, distribution, etc. ১৯৯৮
300 ## - PHYSICAL DESCRIPTION
Pagination ৩৩৩ পৃ. ;
Size ২৩ সেমি.
650 ## - SUBJECT ADDED ENTRY--TOPICAL TERM
Topical term or geographic name as entry element বাংলা সাহিত্য
General subdivision ১৯ শতকের
9 (RLIN) 136860
Topical term or geographic name as entry element Bengali literature
General subdivision 19th century
9 (RLIN) 136861
942 ## - ADDED ENTRY ELEMENTS (KOHA)
Source of classification or shelving scheme Dewey Decimal Classification
Koha item type Books
Holdings
Lost status Source of classification or shelving scheme Damaged status Not for loan Collection code Permanent Location Current Location Shelving location Date acquired Source of acquisition Cost, normal purchase price Total Checkouts Full call number Date last seen Copy number Koha item type
  Dewey Decimal Classification     Non-fiction Central Library, University of Rajshahi Central Library, University of Rajshahi   29/05/2007 Praragon enterprise,Dhaka 100.00   B 891.4434 MOA 1998 18/07/2016 C-2 Books